Statistiques concernant Phases finales de la Coupe du monde de rugby 1987.

Cliquez ici pour prendre le quiz!

Statistiques générales

  • Ce quiz a été pris 79 fois
  • Le résultat moyen est 8 sur 8

Statistiques - réponses

Nations% Correct
Écosse
100%
Nouvelle-Zélande
100%
Australie
100%
France
100%
Angleterre
99%
Pays de Galles
96%
Irlande
94%
Fidji
86%

Distribution des résultats

Percentile par nombre de réponses

% des personnes avec chaque résultat

Votre développement - résultats

Vous n’avez pas pris ce quiz